শ্রেষ্ঠ কবিতা / (Record no. 54159)
[ view plain ]
| 000 -LEADER | |
|---|---|
| fixed length control field | 00905nam a2200241 a 4500 |
| 001 - CONTROL NUMBER | |
| control field | 54159 |
| 003 - CONTROL NUMBER IDENTIFIER | |
| rucl marc code | BD-RjUL |
| 005 - DATE AND TIME OF LATEST TRANSACTION | |
| control field | 20211209080059.0 |
| 008 - FIXED-LENGTH DATA ELEMENTS--GENERAL INFORMATION | |
| fixed length control field | 160814r19941984ii ||||| |||| 00| p ben d |
| 020 ## - INTERNATIONAL STANDARD BOOK NUMBER | |
| Terms of availability | : IRs.35.00 |
| International Standard Book Number | 8170796784 |
| 035 ## - SYSTEM CONTROL NUMBER | |
| System control number | (BD-RjUL)54281 |
| 040 ## - CATALOGING SOURCE | |
| Original cataloging agency | BD-RjUL |
| Language of cataloging | ben |
| Transcribing agency | BD-RjUL |
| Modifying agency | BD-RjUL |
| 041 ## - LANGUAGE CODE | |
| Language code of text/sound track or separate title | ben |
| 082 ## - DEWEY DECIMAL CLASSIFICATION NUMBER | |
| Edition number | 23 |
| Classification number | 891.441 |
| Author mark and year | MIS 1994 |
| 100 1# - MAIN ENTRY--PERSONAL NAME | |
| Personal name | মিত্র, প্রেমেন্দ্র |
| 9 (RLIN) | 146650 |
| 245 10 - TITLE STATEMENT | |
| Title | শ্রেষ্ঠ কবিতা / |
| Statement of responsibility, etc. | প্রেমেন্দ্র মিত্র, |
| 250 ## - EDITION STATEMENT | |
| Edition statement | পরিবর্ধিত দেজ সং. |
| 260 ## - PUBLICATION, DISTRIBUTION, ETC. (IMPRINT) | |
| Place of publication, distribution, etc. | কলকাতা : |
| Name of publisher, distributor, etc. | দেজ পাবলিশিং, |
| Date of publication, distribution, etc. | ১৯৮৪ [মুদ্রণ ১৯৯৪] |
| 300 ## - PHYSICAL DESCRIPTION | |
| Pagination | ১৩৫ পৃ. ; |
| Size | ২১ সেমি. |
| 650 ## - SUBJECT ADDED ENTRY--TOPICAL TERM | |
| Topical term or geographic name as entry element | বাংলা কবিতা |
| 9 (RLIN) | 145066 |
| Topical term or geographic name as entry element | Bengali Poetry |
| 9 (RLIN) | 121520 |
| 942 ## - ADDED ENTRY ELEMENTS (KOHA) | |
| Source of classification or shelving scheme | Dewey Decimal Classification |
| Koha item type | Books |
| Lost status | Source of classification or shelving scheme | Damaged status | Not for loan | Collection code | Permanent Location | Current Location | Shelving location | Date acquired | Source of acquisition | Cost, normal purchase price | Total Checkouts | Full call number | Date last seen | Copy number | Koha item type |
|---|---|---|---|---|---|---|---|---|---|---|---|---|---|---|---|
| Dewey Decimal Classification | Non-fiction | Central Library, University of Rajshahi | Central Library, University of Rajshahi | 22/12/1996 | Ankur prokashoni | 35.00 | B 891.441 MIS 1994 | 02/11/2016 | C-2 | Books | |||||
| Dewey Decimal Classification | Not For Loan | Non-fiction | Central Library, University of Rajshahi | Central Library, University of Rajshahi | Reading Room | 22/12/1996 | Ankur prokashoni | 35.00 | B 891.441 MIS 1994 | 08/04/2017 | C-1 | Books |